[Event "Catalan-ch U10/20"]
[Site "Tarragona"]
[Date "2022.04.13"]
[Round "7"]
[White "Torrents Busquet, Marti"]
[Black "Marti Olivella, Gerard"]
[Result "1/2-1/2"]
[WhiteElo "1915"]
[BlackElo "1915"]
[PlyCount "68"]
[EventDate "2022.04.09"]
[EventType "swiss"]
[EventRounds "9"]
[EventCountry "ESP"]
[SourceTitle "EXT 2023"]
[Source "ChessBase"]
[SourceDate "2022.10.05"]
[SourceVersion "1"]
[SourceVersionDate "2022.10.05"]
[SourceQuality "1"]

1. e4 c6 2. Nf3 d5 3. Nc3 dxe4 4. Nxe4 Bg4 5. d4 Nd7 6. h3 Bxf3 7. Qxf3 Ngf6 8. c3 e6 9. Bd3 Be7 10. 0-0 0-0 11. Bf4 Nd5 12. Bh2 N7f6 13. Nxf6+ Nxf6 14. Be5 Rc8 15. Rad1 Nd5 16. Qe4 g6 17. a3 Bd6 18. Rfe1 Bxe5 19. Qxe5 Qe7 20. c4 Nb6 21. b4 Rfd8 22. Bf1 Nd7 23. Qe3 Nf6 24. g4 Qc7 25. Bg2 Rd7 26. Qe5 Qxe5 27. dxe5 Rxd1 28. Rxd1 Ne8 29. Rd7 Rc7 30. Rd8 Kf8 31. Kf1 g5 32. Ke2 Ke7 33. Rd3 Rd7 34. a4 Nc7 1/2-1/2

[Event "Vilafranca del Penedes op 13th"]
[Site "Vilafranca del Penedes"]
[Date "2019.04.26"]
[Round "3"]
[White "Coca Maydeu, Javier"]
[Black "Marti Olivella, Gerard"]
[Result "0-1"]
[WhiteElo "1852"]
[BlackElo "1767"]
[PlyCount "78"]
[EventDate "2019.03.29"]
[EventType "swiss"]
[EventRounds "9"]
[EventCountry "ESP"]
[SourceTitle "CBM 190 Extra"]
[Source "ChessBase"]
[SourceDate "2019.07.15"]
[SourceVersion "1"]
[SourceVersionDate "2019.07.15"]
[SourceQuality "1"]

1. e4 c6 2. Nf3 d5 3. Nc3 dxe4 4. Nxe4 Bg4 5. h3 Bxf3 6. Qxf3 e6 7. d3 Nd7 8. a3 Ngf6 9. Bg5 Qa5+ 10. Bd2 Qb6 11. b4 Be7 12. Bc3 0-0 13. Be2 Nd5 14. Bb2 a5 15. c4 N5f6 16. c5 Qc7 17. 0-0 Nd5 18. Nd2 axb4 19. axb4 N7f6 20. Nc4 Nxb4 21. Be5 Qd8 22. d4 Nbd5 23. Rab1 Ra7 24. Rb2 Qa8 25. Rfb1 Rd8 26. Qg3 g6 27. Bf3 Ra1 28. Rxa1 Qxa1+ 29. Kh2 Qc1 30. Be2 Ra8 31. Rxb7 Kg7 32. Qf3 h5 33. h4 Kh7 34. Ne3 Nxe3 35. fxe3 Ng4+ 36. Kg3 Qe1+ 37. Kf4 Qxh4 38. g3 g5+ 39. Ke4 Nf2# 0-1

[Event "Martorell op 35th"]
[Site "Martorell"]
[Date "2017.11.11"]
[Round "8"]
[White "Marti Olivella, Gerard"]
[Black "Bolta Tobella, Francisco"]
[Result "1-0"]
[WhiteElo "1677"]
[BlackElo "1952"]
[PlyCount "87"]
[EventDate "2017.09.16"]
[EventType "swiss"]
[EventRounds "9"]
[EventCountry "ESP"]
[SourceTitle "CBM 189 Extra"]
[Source "ChessBase"]
[SourceDate "2019.06.03"]
[SourceVersion "1"]
[SourceVersionDate "2019.06.03"]
[SourceQuality "1"]

1. e4 e6 2. d4 d5 3. exd5 exd5 4. Nf3 Bd6 5. Bd3 Nc6 6. 0-0 Bg4 7. c3 Nge7 8. Re1 Qd7 9. Be3 0-0 10. Nbd2 f5 11. Bg5 Ng6 12. Qb3 Kh8 13. Kh1 Nf4 14. Bxf4 Bxf4 15. h3 Bh5 16. Qc2 Rf7 17. b4 Raf8 18. a4 g5 19. g3 Bxd2 20. Nxd2 g4 21. h4 f4 22. b5 Ne7 23. Re5 Bg6 24. Rae1 Bxd3 25. Qxd3 Ng6 26. Re6 fxg3 27. fxg3 Ne7 28. Qe2 Nf5 29. Qe5+ Kg8 30. Nb3 Qd8 31. Re8 Rxe8 32. Qxe8+ Qxe8 33. Rxe8+ Kg7 34. Kg2 Nd6 35. Re5 c6 36. bxc6 bxc6 37. Rg5+ Kh6 38. Rxg4 Ne4 39. Rg8 Rb7 40. Na5 Rb2+ 41. Kf3 Nxc3 42. Nxc6 Nxa4 43. Rg5 Rb7 44. Ne5 1-0

[Event "Martorell op 35th"]
[Site "Martorell"]
[Date "2017.10.21"]
[Round "5"]
[White "Rius Colomer, Luis Albert"]
[Black "Marti Olivella, Gerard"]
[Result "1-0"]
[WhiteElo "1904"]
[BlackElo "1677"]
[PlyCount "51"]
[EventDate "2017.09.16"]
[EventType "swiss"]
[EventRounds "9"]
[EventCountry "ESP"]
[SourceTitle "CBM 189 Extra"]
[Source "ChessBase"]
[SourceDate "2019.06.03"]
[SourceVersion "1"]
[SourceVersionDate "2019.06.03"]
[SourceQuality "1"]

1. c4 c6 2. d4 d5 3. Nf3 Nf6 4. Nc3 e6 5. e3 Nbd7 6. Bd3 dxc4 7. Bxc4 b5 8. Bb3 Bb7 9. 0-0 Be7 10. Re1 b4 11. Na4 Ne4 12. Nd2 Ndf6 13. f3 Nxd2 14. Qxd2 0-0 15. e4 a5 16. Qf2 Qc7 17. Be3 Rac8 18. Rac1 Qd8 19. Red1 Ba6 20. Nc5 Bxc5 21. Rxc5 Bb5 22. d5 exd5 23. exd5 Nd7 24. dxc6 Bxc6 25. Rcd5 Ba8 26. Ba4 1-0

[Event "Sant Adria de Besos op 13th"]
[Site "Sant Adria de Besos"]
[Date "2017.06.04"]
[Round "7"]
[White "Fernandez Diaz Mascort, Miguel"]
[Black "Marti Olivella, Gerard"]
[Result "1-0"]
[WhiteElo "2246"]
[BlackElo "1870"]
[PlyCount "69"]
[EventDate "2017.04.23"]
[EventType "swiss"]
[EventRounds "9"]
[EventCountry "ESP"]
[SourceTitle "EXT 2018"]
[Source "ChessBase"]
[SourceDate "2017.10.13"]
[SourceVersion "1"]
[SourceVersionDate "2017.10.13"]
[SourceQuality "1"]

1. c4 c6 2. Nf3 d5 3. b3 Nf6 4. Bb2 Bf5 5. g3 e6 6. Bg2 Bd6 7. 0-0 0-0 8. d3 Nbd7 9. Nbd2 Re8 10. e4 Bg4 11. Qe2 Ne5 12. h3 Nxf3+ 13. Nxf3 Bxf3 14. Bxf3 Bc5 15. e5 Nd7 16. d4 Be7 17. Rfd1 Rc8 18. Bg4 Nf8 19. f4 g6 20. Kg2 Kg7 21. Rd3 Nd7 22. Bf3 Nb6 23. c5 Na8 24. Bc3 Nc7 25. Qb2 Ra8 26. b4 Qd7 27. Be1 h5 28. Be2 a6 29. Rb1 Ra7 30. Bf2 Rea8 31. a4 Bd8 32. Rb3 Be7 33. Be3 Rb8 34. Bf3 h4 35. g4 1-0